000 00296nam a22001337a 4500
008 170522b xxu||||| |||| 00| 0 eng d
020 _a9780312570125
041 _aeng
080 _29 ED
_a94(100)
100 _a16
101 _aSHH
245 _aWORLD SOCIETES
_cMCKAY.J.P
942 _2udc
_cBK
999 _c13761
_d13761